{"text_format":"3","workbook":"xlsx","n_sheets":1,"sheets":["t258"],"read":"whole","date_system":"1900"}

{"sheet":"t258","index":0,"n_rows":235,"n_cols":7,"rows_kept":235,"merged":[[0,0,0,6],[30,0,30,5],[51,0,51,5],[167,0,167,5]]}
["TABELA 258.1 - Estatísticas Agrícolas, Município de Itapira, Estado de São Paulo, 2007/08."]
["ITEM","UNIDADE","N.DE UPAs","MÍNIMO","MÉDIO","MÁXIMO","TOTAL"]
["Distância à sede do município","km",856,{"v":1,"d":"1.0"},11.6,{"v":30,"d":"30.0"},"-"]
["Área total","hectare",856,0.5,{"v":52.37,"d":"52.4"},{"v":2096.5,"d":"2,096.5"},{"v":44830.4,"d":"44,830.4"}]
["Área com cultura perene","hectare",240,0.1,{"v":11.38,"d":"11.4"},307.3,{"v":2731.4,"d":"2,731.4"}]
["Área com cultura temporária","hectare",409,0.1,{"v":23.98,"d":"24.0"},{"v":1217.5,"d":"1,217.5"},{"v":9808.4,"d":"9,808.4"}]
["Área com pastagem","hectare",710,0.1,{"v":29.99,"d":"30.0"},710.7,{"v":21290.4,"d":"21,290.4"}]
["Área com reflorestamento","hectare",196,0.1,{"v":15.86,"d":"15.9"},{"v":400,"d":"400.0"},{"v":3109,"d":"3,109.0"}]
["Área com vegetação natural","hectare",413,0.1,{"v":8.76,"d":"8.8"},{"v":240,"d":"240.0"},{"v":3616.1,"d":"3,616.1"}]
["Área com vegetação de brejo e várzea","hectare",67,0.1,{"v":2.04,"d":"2.0"},{"v":40,"d":"40.0"},136.5]
["Área em descanso","hectare",35,0.3,15.9,346.3,556.4]
["Área complementar","hectare",768,0.1,{"v":4.66,"d":"4.7"},{"v":762,"d":"762.0"},{"v":3582.2,"d":"3,582.2"}]
["Área das UPAs com (0, 1] ha","hectare",12,0.5,{"v":0.73,"d":"0.7"},0.9,8.8]
["Área das UPAs com (1, 2] ha","hectare",32,1.1,{"v":1.66,"d":"1.7"},{"v":2,"d":"2.0"},{"v":53,"d":"53.0"}]
["Área das UPAs com (2, 5] ha","hectare",157,2.1,3.6,{"v":5,"d":"5.0"},564.9]
["Área das UPAs com (5, 10] ha","hectare",164,5.1,{"v":7.67,"d":"7.7"},{"v":10,"d":"10.0"},{"v":1258.5,"d":"1,258.5"}]
["Área das UPAs com (10, 20] ha","hectare",180,10.3,{"v":14.51,"d":"14.5"},{"v":20,"d":"20.0"},{"v":2610.9,"d":"2,610.9"}]
["Área das UPAs com (20, 50] ha","hectare",147,20.3,{"v":31.54,"d":"31.5"},48.8,{"v":4636.3,"d":"4,636.3"}]
["Área das UPAs com (50, 100] ha","hectare",60,50.2,{"v":72.13,"d":"72.1"},99.2,{"v":4327.7,"d":"4,327.7"}]
["Área das UPAs com (100, 200] ha","hectare",40,{"v":101,"d":"101.0"},{"v":136.15,"d":"136.2"},198.4,{"v":5446.1,"d":"5,446.1"}]
["Área das UPAs com (200, 500] ha","hectare",53,{"v":202,"d":"202.0"},{"v":289.47,"d":"289.5"},484.3,{"v":15342,"d":"15,342.0"}]
["Área das UPAs com (500, 1.000] ha","hectare",8,556.6,{"v":712.15,"d":"712.2"},983.4,{"v":5697.2,"d":"5,697.2"}]
["Área das UPAs com (1.000, 2.000] ha","hectare",2,{"v":1265,"d":"1,265.0"},{"v":1394.25,"d":"1,394.3"},{"v":1523.5,"d":"1,523.5"},{"v":2788.5,"d":"2,788.5"}]
["Área das UPAs com (2.000, 5.000] ha","hectare",1,{"v":2096.5,"d":"2,096.5"},{"v":2096.5,"d":"2,096.5"},{"v":2096.5,"d":"2,096.5"},{"v":2096.5,"d":"2,096.5"}]
["Área das UPAs com (5.000, 10.000] ha","hectare","-","-","-","-","-"]
["Área das UPAs acima de 10.000 ha","hectare","-","-","-","-","-"]
["Familiares do proprietário que trabalham na UPA","unidade",588,{"v":1,"d":"1.0"},{"v":1.73,"d":"1.7"},{"v":14,"d":"14.0"},{"v":1017,"d":"1,017.0"}]
["Trabalhadores permanentes","unidade",321,{"v":1,"d":"1.0"},{"v":6.13,"d":"6.1"},{"v":300,"d":"300.0"},{"v":1968,"d":"1,968.0"}]
["Fonte: Secretaria de Agricultura e Abastecimento, CDRS/IEA, Projeto LUPA."]
[]
["TABELA 258.2 - Explorações Animais, Município de Itapira, Estado de São Paulo, 2007/08."]
["ITEM","UNIDADE","N.DE UPAs","MÍNIMO","MÉDIO","MÁXIMO","TOTAL"]
["Apicultura","colmeias",4,{"v":10,"d":"10.0"},57.5,{"v":100,"d":"100.0"},{"v":230,"d":"230.0"}]
["Asininos E Muares","cabeças",64,{"v":1,"d":"1.0"},{"v":2.59,"d":"2.6"},{"v":35,"d":"35.0"},{"v":166,"d":"166.0"}]
["Avestruzes e Ema (Criadouro)","cabeças",2,{"v":2,"d":"2.0"},4.5,{"v":7,"d":"7.0"},{"v":9,"d":"9.0"}]
["Avicultura de Corte","cabeças/ano",35,{"v":250,"d":"250.0"},{"v":279035.71,"d":"279,035.7"},{"v":1200000,"d":"1,200,000.0"},{"v":9766250,"d":"9,766,250.0"}]
["Avicultura Ornamental/Decorativa/Exótica","cabeças",12,{"v":1,"d":"1.0"},{"v":34.58,"d":"34.6"},{"v":100,"d":"100.0"},{"v":415,"d":"415.0"}]
["Avicultura para Ovos","cabeças",14,{"v":1,"d":"1.0"},{"v":2693.64,"d":"2,693.6"},{"v":25000,"d":"25,000.0"},{"v":37711,"d":"37,711.0"}]
["Bovinocultura de Corte","cabeças",185,{"v":2,"d":"2.0"},{"v":99.39,"d":"99.4"},{"v":1200,"d":"1,200.0"},{"v":18388,"d":"18,388.0"}]
["Bovinocultura Leiteira","cabeças",92,{"v":1,"d":"1.0"},{"v":22.55,"d":"22.6"},{"v":191,"d":"191.0"},{"v":2075,"d":"2,075.0"}]
["Bovinocultura Mista","cabeças",295,{"v":1,"d":"1.0"},{"v":36.32,"d":"36.3"},{"v":450,"d":"450.0"},{"v":10714,"d":"10,714.0"}]
["Bubalinocultura","cabeças",1,{"v":8,"d":"8.0"},{"v":8,"d":"8.0"},{"v":8,"d":"8.0"},{"v":8,"d":"8.0"}]
["Caprinocultura","cabeças",9,{"v":4,"d":"4.0"},{"v":19,"d":"19.0"},{"v":100,"d":"100.0"},{"v":171,"d":"171.0"}]
["Cunicultura","cabeças",1,{"v":60,"d":"60.0"},{"v":60,"d":"60.0"},{"v":60,"d":"60.0"},{"v":60,"d":"60.0"}]
["Equinocultura","cabeças",279,{"v":1,"d":"1.0"},{"v":6.99,"d":"7.0"},{"v":563,"d":"563.0"},{"v":1950,"d":"1,950.0"}]
["Minhocultura","canteiros",1,{"v":1,"d":"1.0"},{"v":1,"d":"1.0"},{"v":1,"d":"1.0"},{"v":1,"d":"1.0"}]
["Ovinocultura","cabeças",43,{"v":1,"d":"1.0"},{"v":53.84,"d":"53.8"},{"v":700,"d":"700.0"},{"v":2315,"d":"2,315.0"}]
["Piscicultura","m² tanques",11,{"v":260,"d":"260.0"},{"v":6000.91,"d":"6,000.9"},{"v":24000,"d":"24,000.0"},{"v":66010,"d":"66,010.0"}]
["Suinocultura","cabeças",102,{"v":1,"d":"1.0"},{"v":15.22,"d":"15.2"},{"v":263,"d":"263.0"},{"v":1552,"d":"1,552.0"}]
["Fonte: Secretaria de Agricultura e Abastecimento, CDRS/IEA, Projeto LUPA."]
[]
["TABELA 258.3 -  Máquinas, Implementos e Benfeitorias, Município de Itapira, Estado de São Paulo, 2007/08."]
["ITEM","UNIDADE","N.DE UPAs","MÍNIMO","MÉDIO","MÁXIMO","TOTAL"]
["Arado Comum (Bacia, Aiveca)","Unidade",188,{"v":1,"d":"1.0"},{"v":1.22,"d":"1.2"},{"v":10,"d":"10.0"},{"v":229,"d":"229.0"}]
["Arado Escarificador","Unidade",55,{"v":1,"d":"1.0"},{"v":1.16,"d":"1.2"},{"v":5,"d":"5.0"},{"v":64,"d":"64.0"}]
["Arado Subsolador","Unidade",30,{"v":1,"d":"1.0"},1.1,{"v":2,"d":"2.0"},{"v":33,"d":"33.0"}]
["Batedeira de Cereais","Unidade",41,{"v":1,"d":"1.0"},{"v":1.05,"d":"1.1"},{"v":2,"d":"2.0"},{"v":43,"d":"43.0"}]
["Câmara Fria","Unidade",3,{"v":1,"d":"1.0"},{"v":1.67,"d":"1.7"},{"v":3,"d":"3.0"},{"v":5,"d":"5.0"}]
["Carregadeira de Cana","Unidade",4,{"v":1,"d":"1.0"},{"v":4,"d":"4.0"},{"v":11,"d":"11.0"},{"v":16,"d":"16.0"}]
["Colhedeira Acoplada","Unidade",14,{"v":1,"d":"1.0"},{"v":1.29,"d":"1.3"},{"v":3,"d":"3.0"},{"v":18,"d":"18.0"}]
["Colhedeira Automotriz","Unidade",3,{"v":1,"d":"1.0"},{"v":4.67,"d":"4.7"},{"v":12,"d":"12.0"},{"v":14,"d":"14.0"}]
["Computador","Unidade",17,{"v":1,"d":"1.0"},{"v":6.82,"d":"6.8"},{"v":83,"d":"83.0"},{"v":116,"d":"116.0"}]
["Conj.Irrigação Autopropelido","Unidade",4,{"v":1,"d":"1.0"},{"v":4,"d":"4.0"},{"v":8,"d":"8.0"},{"v":16,"d":"16.0"}]
["Conj.Irrigação Convencional","Unidade",43,{"v":1,"d":"1.0"},{"v":1.26,"d":"1.3"},{"v":3,"d":"3.0"},{"v":54,"d":"54.0"}]
["Conj.Irrigação Pivot Central","Unidade",1,{"v":1,"d":"1.0"},{"v":1,"d":"1.0"},{"v":1,"d":"1.0"},{"v":1,"d":"1.0"}]
["Conj.Irrigação/Gotejamento/Microaspersão","Unidade",10,{"v":1,"d":"1.0"},1.1,{"v":2,"d":"2.0"},{"v":11,"d":"11.0"}]
["Conjunto de Fenação","Unidade",10,{"v":1,"d":"1.0"},1.1,{"v":2,"d":"2.0"},{"v":11,"d":"11.0"}]
["Desintegrador de Palha (Plantio Direto)","Unidade",2,{"v":1,"d":"1.0"},{"v":1,"d":"1.0"},{"v":1,"d":"1.0"},{"v":2,"d":"2.0"}]
["Desintegrador, Picador, Triturador","Unidade",302,{"v":1,"d":"1.0"},{"v":1.13,"d":"1.1"},{"v":4,"d":"4.0"},{"v":341,"d":"341.0"}]
["Distribuidor de Calcário","Unidade",38,{"v":1,"d":"1.0"},{"v":1.13,"d":"1.1"},{"v":3,"d":"3.0"},{"v":43,"d":"43.0"}]
["Ensiladeira","Unidade",187,{"v":1,"d":"1.0"},{"v":1.09,"d":"1.1"},{"v":3,"d":"3.0"},{"v":203,"d":"203.0"}]
["Grade Aradora (Tipo Romi)","Unidade",68,{"v":1,"d":"1.0"},1.1,{"v":2,"d":"2.0"},{"v":75,"d":"75.0"}]
["Grade Niveladora","Unidade",157,{"v":1,"d":"1.0"},{"v":1.14,"d":"1.1"},{"v":3,"d":"3.0"},{"v":179,"d":"179.0"}]
["Implementos para Tração Animal","Unidade",50,{"v":1,"d":"1.0"},{"v":1.76,"d":"1.8"},{"v":6,"d":"6.0"},{"v":88,"d":"88.0"}]
["Microtrator","Unidade",24,{"v":1,"d":"1.0"},{"v":1.08,"d":"1.1"},{"v":2,"d":"2.0"},{"v":26,"d":"26.0"}]
["Misturador de Ração","Unidade",35,{"v":1,"d":"1.0"},{"v":1.14,"d":"1.1"},{"v":3,"d":"3.0"},{"v":40,"d":"40.0"}]
["Ordenhadeira Mecânica","Unidade",30,{"v":1,"d":"1.0"},1.1,{"v":2,"d":"2.0"},{"v":33,"d":"33.0"}]
["Pulverizador Tratorizado","Unidade",86,{"v":1,"d":"1.0"},{"v":1.52,"d":"1.5"},{"v":10,"d":"10.0"},{"v":131,"d":"131.0"}]
["Resfriador de Leite, Tanque Expansão","Unidade",21,{"v":1,"d":"1.0"},{"v":1.14,"d":"1.1"},{"v":3,"d":"3.0"},{"v":24,"d":"24.0"}]
["Roçadeira Costal","Unidade",27,{"v":1,"d":"1.0"},{"v":1.26,"d":"1.3"},{"v":2,"d":"2.0"},{"v":34,"d":"34.0"}]
["Roçadeira Tratorizada","Unidade",49,{"v":1,"d":"1.0"},1.1,{"v":3,"d":"3.0"},{"v":54,"d":"54.0"}]
["Semeadeira/Adubadeira para Plantio Convencional","Unidade",39,{"v":1,"d":"1.0"},1.1,{"v":2,"d":"2.0"},{"v":43,"d":"43.0"}]
["Semeadeira/Plantadeira Plantio Direto","Unidade",12,{"v":1,"d":"1.0"},{"v":1,"d":"1.0"},{"v":1,"d":"1.0"},{"v":12,"d":"12.0"}]
["Terraceador","Unidade",4,{"v":1,"d":"1.0"},{"v":1,"d":"1.0"},{"v":1,"d":"1.0"},{"v":4,"d":"4.0"}]
["Trator de Esteiras","Unidade",16,{"v":1,"d":"1.0"},{"v":1.06,"d":"1.1"},{"v":2,"d":"2.0"},{"v":17,"d":"17.0"}]
["Trator de Pneus","Unidade",303,{"v":1,"d":"1.0"},{"v":1.52,"d":"1.5"},{"v":10,"d":"10.0"},{"v":460,"d":"460.0"}]
["Açude/Represa","Unidade",403,{"v":1,"d":"1.0"},2.3,{"v":30,"d":"30.0"},{"v":925,"d":"925.0"}]
["Adega Cantina","Unidade",1,{"v":1,"d":"1.0"},{"v":1,"d":"1.0"},{"v":1,"d":"1.0"},{"v":1,"d":"1.0"}]
["Alambique","Unidade",7,{"v":1,"d":"1.0"},{"v":1,"d":"1.0"},{"v":1,"d":"1.0"},{"v":7,"d":"7.0"}]
["Almoxarifado/Oficina","Unidade",62,{"v":1,"d":"1.0"},{"v":1.06,"d":"1.1"},{"v":2,"d":"2.0"},{"v":66,"d":"66.0"}]
["Armazém para Grãos Ensacados","Sacas",34,{"v":1,"d":"1.0"},{"v":1291.94,"d":"1,291.9"},{"v":10000,"d":"10,000.0"},{"v":43926,"d":"43,926.0"}]
["Balança para Bovinos","Unidade",16,{"v":1,"d":"1.0"},{"v":1,"d":"1.0"},{"v":1,"d":"1.0"},{"v":16,"d":"16.0"}]
["Balança para Veículos","Unidade",5,{"v":1,"d":"1.0"},{"v":1,"d":"1.0"},{"v":1,"d":"1.0"},{"v":5,"d":"5.0"}]
["Barracão para Cultivo de Cogumelo","Unidade",1,{"v":2,"d":"2.0"},{"v":2,"d":"2.0"},{"v":2,"d":"2.0"},{"v":2,"d":"2.0"}]
["Barracão para Granja/Avicultura","Unidade",64,{"v":1,"d":"1.0"},{"v":3.17,"d":"3.2"},{"v":17,"d":"17.0"},{"v":203,"d":"203.0"}]
["Barracão/Galpão/Garagem","Unidade",332,{"v":1,"d":"1.0"},{"v":1.21,"d":"1.2"},{"v":4,"d":"4.0"},{"v":403,"d":"403.0"}]
["Biodigestor","Unidade",1,{"v":1,"d":"1.0"},{"v":1,"d":"1.0"},{"v":1,"d":"1.0"},{"v":1,"d":"1.0"}]
["Casa de Moradia Habitada","Unidade",587,{"v":1,"d":"1.0"},{"v":2.32,"d":"2.3"},{"v":80,"d":"80.0"},{"v":1360,"d":"1,360.0"}]
["Casa de Moradia Total","Unidade",667,{"v":1,"d":"1.0"},{"v":3.03,"d":"3.0"},{"v":80,"d":"80.0"},{"v":2018,"d":"2,018.0"}]
["Curral/Mangueira","Unidade",435,{"v":1,"d":"1.0"},{"v":1.07,"d":"1.1"},{"v":5,"d":"5.0"},{"v":467,"d":"467.0"}]
["Depósito/Tulha","Unidade",334,{"v":1,"d":"1.0"},{"v":1.17,"d":"1.2"},{"v":12,"d":"12.0"},{"v":392,"d":"392.0"}]
["Engenho","Unidade",8,{"v":1,"d":"1.0"},{"v":1.13,"d":"1.1"},{"v":2,"d":"2.0"},{"v":9,"d":"9.0"}]
["Estábulo","Unidade",65,{"v":1,"d":"1.0"},{"v":1.02,"d":"1.0"},{"v":2,"d":"2.0"},{"v":66,"d":"66.0"}]
["Estufa/Plasticultura","m²",22,{"v":1,"d":"1.0"},{"v":1494.95,"d":"1,495.0"},{"v":10000,"d":"10,000.0"},{"v":32889,"d":"32,889.0"}]
["Fábrica de Farinha","Unidade",1,{"v":1,"d":"1.0"},{"v":1,"d":"1.0"},{"v":1,"d":"1.0"},{"v":1,"d":"1.0"}]
["Fábrica de Ração","Unidade",8,{"v":1,"d":"1.0"},{"v":1,"d":"1.0"},{"v":1,"d":"1.0"},{"v":8,"d":"8.0"}]
["Instalações para Equinos","Unidade",39,{"v":1,"d":"1.0"},{"v":2.79,"d":"2.8"},{"v":15,"d":"15.0"},{"v":109,"d":"109.0"}]
["Máquina de Benefício","Unidade",19,{"v":1,"d":"1.0"},{"v":1.05,"d":"1.1"},{"v":2,"d":"2.0"},{"v":20,"d":"20.0"}]
["Olaria","Unidade",3,{"v":1,"d":"1.0"},{"v":1.33,"d":"1.3"},{"v":2,"d":"2.0"},{"v":4,"d":"4.0"}]
["Pocilga","Unidade",125,{"v":1,"d":"1.0"},{"v":1.13,"d":"1.1"},{"v":6,"d":"6.0"},{"v":141,"d":"141.0"}]
["Poço Semi-Artesiano","Unidade",64,{"v":1,"d":"1.0"},{"v":1.09,"d":"1.1"},{"v":3,"d":"3.0"},{"v":70,"d":"70.0"}]
["Secador de Grãos","Unidade",20,{"v":1,"d":"1.0"},{"v":1.55,"d":"1.6"},{"v":4,"d":"4.0"},{"v":31,"d":"31.0"}]
["Silo para Grãos","t",5,{"v":1,"d":"1.0"},734.8,{"v":3000,"d":"3,000.0"},{"v":3674,"d":"3,674.0"}]
["Silo para Silagem","t",35,{"v":1,"d":"1.0"},{"v":279.26,"d":"279.3"},{"v":1590,"d":"1,590.0"},{"v":9774,"d":"9,774.0"}]
["Terreiro","m²",198,{"v":1,"d":"1.0"},{"v":1130.31,"d":"1,130.3"},{"v":16000,"d":"16,000.0"},{"v":223802,"d":"223,802.0"}]
["Usina de Açúcar/destilaria","Unidade",1,{"v":1,"d":"1.0"},{"v":1,"d":"1.0"},{"v":1,"d":"1.0"},{"v":1,"d":"1.0"}]
["Fonte: Secretaria de Agricultura e Abastecimento, CDRS/IEA, Projeto LUPA."]
[]
["TABELA 258.4 - Outras Estatísticas Agrícolas, Município de Itapira, Estado de São Paulo, 2007/08."]
["ITEM","Número de UPAs",null,"Percentual"]
["Faz Parte de Associação de Produtores",65,null,{"v":7.593457943925235,"d":"7.6"}]
["Faz Parte de Cooperativa de Produtores",58,null,{"v":6.77570093457944,"d":"6.8"}]
["Faz Parte do Sindicato de Produtores",277,null,{"v":32.35981308411215,"d":"32.4"}]
["Não utiliza assistência técnica ",427,null,{"v":49.88317757009346,"d":"49.9"}]
["Utiliza somente assistência técnica governamental ",221,null,{"v":25.817757009345794,"d":"25.8"}]
["Utiliza somente assistência técnica privada ",141,null,{"v":16.47196261682243,"d":"16.5"}]
["Utiliza assistência técnica tanto governamental quanto privada",67,null,{"v":7.827102803738319,"d":"7.8"}]
["Utiliza Crédito Rural",78,null,{"v":9.11214953271028,"d":"9.1"}]
["Utiliza Seguro Rural",29,null,{"v":3.38785046728972,"d":"3.4"}]
["Utiliza Escrituração Agrícola",157,null,{"v":18.3411214953271,"d":"18.3"}]
["Acessa Internet p/ Fins na Agropecuária",91,null,{"v":10.630841121495326,"d":"10.6"}]
["Utiliza Computador nas Atividades Agropecuárias",117,null,{"v":13.66822429906542,"d":"13.7"}]
["Utiliza Energia Elétrica Para Uso na Atividade Agrícola",724,null,{"v":84.57943925233644,"d":"84.6"}]
["Realiza Análise de Solo, quando necessário",221,null,{"v":25.817757009345794,"d":"25.8"}]
["Utiliza Práticas de Conservação de Solo, quando necessário",371,null,{"v":43.34112149532711,"d":"43.3"}]
["Faz Adubação Mineral, quando necessário",452,null,{"v":52.80373831775701,"d":"52.8"}]
["Faz Adubação Orgânica, quando necessário",384,null,{"v":44.85981308411215,"d":"44.9"}]
["Faz Adubação Verde, quando necessário",21,null,{"v":2.453271028037383,"d":"2.5"}]
["Utiliza Manejo Integrado de Pragas (MIP)",7,null,{"v":0.8177570093457944,"d":"0.8"}]
["Utiliza Hidroponia","-",null,"-"]
["Utiliza Plasticultura",22,null,{"v":2.570093457943925,"d":"2.6"}]
["Utiliza Mudas Fiscalizadas",199,null,{"v":23.247663551401867,"d":"23.2"}]
["Utiliza Semente Melhorada",340,null,{"v":39.719626168224295,"d":"39.7"}]
["Faz Confinamento de Bovinos",23,null,{"v":2.6869158878504678,"d":"2.7"}]
["Utiliza Pastejo Intensivo",366,null,{"v":42.757009345794394,"d":"42.8"}]
["Faz Inseminação Artificial",17,null,{"v":1.9859813084112148,"d":"2.0"}]
["Faz Mineralização do Rebanho",532,null,{"v":62.14953271028037,"d":"62.1"}]
["Faz Vermifugação do Rebanho",533,null,{"v":62.26635514018692,"d":"62.3"}]
["Possui Parceiros /Arrendatários na Exploração Animal",127,null,{"v":14.83644859813084,"d":"14.8"}]
["Esporte e lazer",6,null,{"v":0.7009345794392524,"d":"0.7"}]
["Extração mineral",7,null,{"v":0.8177570093457944,"d":"0.8"}]
["Hotel Fazenda, Pousada ou SPA",2,null,{"v":0.2336448598130841,"d":"0.2"}]
["Pesque-pague",5,null,{"v":0.5841121495327103,"d":"0.6"}]
["Restaurante ou Lanchonete",6,null,{"v":0.7009345794392524,"d":"0.7"}]
["Transformação artesanal",2,null,{"v":0.2336448598130841,"d":"0.2"}]
["Turismo rural ou ecoturismo",1,null,{"v":0.11682242990654206,"d":"0.1"}]
["Outras atividades econômicas rurais",4,null,{"v":0.4672897196261682,"d":"0.5"}]
["Agroindústria",27,null,{"v":3.1542056074766354,"d":"3.2"}]
["Proprietário sem instrução ou com instrução incompleta",35,null,{"v":4.088785046728972,"d":"4.1"}]
["Proprietário com antigo primário completo",328,null,{"v":38.3177570093458,"d":"38.3"}]
["Proprietário com 1° grau (ou antigo ginasial) completo",90,null,{"v":10.514018691588786,"d":"10.5"}]
["Proprietário com 2° grau (ou antigo colegial) completo",160,null,{"v":18.69158878504673,"d":"18.7"}]
["Proprietário com curso superior completo ",207,null,{"v":24.182242990654206,"d":"24.2"}]
["Pessoa Jurídica",36,null,{"v":4.205607476635514,"d":"4.2"}]
["Proprietário residente na própria UPA ",268,null,{"v":31.30841121495327,"d":"31.3"}]
["Fonte: Secretaria de Agricultura e Abastecimento, CDRS/IEA, Projeto LUPA."]
[]
["TABELA 258.5 - Área Cultivada, Município de Itapira, Estado de São Paulo, 2007/08."]
["CULTURA","N.DE UPAs","MÍNIMO","MÉDIO","MÁXIMO","TOTAL"]
["Braquiaria",551,0.1,{"v":32.28,"d":"32.3"},710.7,{"v":17785,"d":"17,785.0"}]
["Cana-de-acucar",196,0.1,{"v":39.34,"d":"39.3"},{"v":1217.5,"d":"1,217.5"},{"v":7709.9,"d":"7,709.9"}]
["Eucalipto",196,0.1,15.8,{"v":400,"d":"400.0"},{"v":3096.1,"d":"3,096.1"}]
["Gramas",181,0.1,{"v":15.19,"d":"15.2"},240.5,{"v":2749.5,"d":"2,749.5"}]
["Cafe",166,0.1,{"v":10.88,"d":"10.9"},{"v":300,"d":"300.0"},{"v":1806.4,"d":"1,806.4"}]
["Milho",215,0.1,{"v":8.16,"d":"8.2"},169.4,{"v":1755.3,"d":"1,755.3"}]
["Laranja",29,0.1,{"v":24.16,"d":"24.2"},196.3,700.6]
["Outras gramineas para pastagem",23,0.4,{"v":14.89,"d":"14.9"},131.1,342.5]
["Capim-napier (ou capim-elefante)",104,0.1,{"v":1.81,"d":"1.8"},11.6,188.1]
["Coloniao",13,{"v":1,"d":"1.0"},{"v":10.89,"d":"10.9"},61.4,141.6]
["Mandioca",18,0.1,6.8,{"v":70,"d":"70.0"},122.4]
["Lichia",4,0.3,{"v":15.53,"d":"15.5"},{"v":45,"d":"45.0"},62.1]
["Capim-jaragua",8,{"v":1,"d":"1.0"},7.4,22.8,59.2]
["Painco",3,0.6,{"v":17.07,"d":"17.1"},{"v":50,"d":"50.0"},51.2]
["Limao",11,0.1,{"v":4.58,"d":"4.6"},30.4,50.4]
["Colza",1,47.9,47.9,47.9,47.9]
["Alface",17,0.2,{"v":1.31,"d":"1.3"},{"v":5,"d":"5.0"},22.3]
["Arroz",9,0.3,{"v":2.44,"d":"2.4"},{"v":10,"d":"10.0"},{"v":22,"d":"22.0"}]
["Manga",7,0.5,{"v":3.14,"d":"3.1"},{"v":12,"d":"12.0"},{"v":22,"d":"22.0"}]
["Abobora (ou jerimum)",20,0.1,{"v":1.04,"d":"1.0"},4.8,20.7]
["Pomar domestico",32,0.1,{"v":0.64,"d":"0.6"},{"v":2,"d":"2.0"},20.4]
["Tangerina",8,0.6,{"v":2.48,"d":"2.5"},{"v":10,"d":"10.0"},19.8]
["Outras olericolas",19,0.1,{"v":1.02,"d":"1.0"},{"v":3,"d":"3.0"},19.3]
["Jilo",10,0.3,{"v":1.67,"d":"1.7"},4.8,16.7]
["Abacate",1,{"v":15,"d":"15.0"},{"v":15,"d":"15.0"},{"v":15,"d":"15.0"},{"v":15,"d":"15.0"}]
["Banana",10,0.1,{"v":1.44,"d":"1.4"},{"v":5,"d":"5.0"},14.4]
["Setaria",2,{"v":3,"d":"3.0"},{"v":6.25,"d":"6.3"},9.5,12.5]
["Sorgo-forrageiro",3,{"v":1,"d":"1.0"},{"v":4,"d":"4.0"},{"v":9,"d":"9.0"},{"v":12,"d":"12.0"}]
["Outras florestais",1,{"v":10,"d":"10.0"},{"v":10,"d":"10.0"},{"v":10,"d":"10.0"},{"v":10,"d":"10.0"}]
["Pepino",10,0.1,{"v":0.97,"d":"1.0"},2.4,9.7]
["Sorgo-vassoura",8,0.2,1.1,4.6,8.8]
["Outras frutiferas",2,{"v":3,"d":"3.0"},3.9,4.8,7.8]
["Maracuja",4,0.5,{"v":1.63,"d":"1.6"},{"v":4,"d":"4.0"},6.5]
["Tomate envarado",3,0.5,{"v":2,"d":"2.0"},{"v":5,"d":"5.0"},{"v":6,"d":"6.0"}]
["Feijao",6,0.1,{"v":0.77,"d":"0.8"},{"v":2,"d":"2.0"},4.6]
["Uva rustica",3,0.1,{"v":1.47,"d":"1.5"},2.7,4.4]
["Sorgo",2,1.6,{"v":1.85,"d":"1.9"},2.1,3.7]
["Quiabo",7,0.1,{"v":0.49,"d":"0.5"},{"v":1,"d":"1.0"},3.4]
["Goiaba",2,0.3,{"v":1.65,"d":"1.7"},{"v":3,"d":"3.0"},3.3]
["Horta domestica",3,0.1,{"v":1.03,"d":"1.0"},2.5,3.1]
["Pinus",2,0.3,{"v":1.35,"d":"1.4"},2.4,2.7]
["Brocolos (ou brocolis)",4,0.3,{"v":0.63,"d":"0.6"},{"v":1,"d":"1.0"},2.5]
["Floricultura para corte",2,{"v":1,"d":"1.0"},{"v":1.25,"d":"1.3"},1.5,2.5]
["Viveiro de flores e ornamentais",1,{"v":2,"d":"2.0"},{"v":2,"d":"2.0"},{"v":2,"d":"2.0"},{"v":2,"d":"2.0"}]
["Inhame",1,{"v":2,"d":"2.0"},{"v":2,"d":"2.0"},{"v":2,"d":"2.0"},{"v":2,"d":"2.0"}]
["Couve-flor",4,0.2,0.5,{"v":1,"d":"1.0"},{"v":2,"d":"2.0"}]
["Repolho",3,0.3,{"v":0.67,"d":"0.7"},{"v":1,"d":"1.0"},{"v":2,"d":"2.0"}]
["Pimentao",3,0.1,0.6,{"v":1,"d":"1.0"},1.8]
["Bambu",2,0.6,0.8,{"v":1,"d":"1.0"},1.6]
["Couve (ou couve-crespa)",4,0.1,{"v":0.38,"d":"0.4"},0.6,1.5]
["Jabuticaba",2,0.5,{"v":0.75,"d":"0.8"},{"v":1,"d":"1.0"},1.5]
["Berinjela",3,0.1,0.5,0.7,1.5]
["Feijao-vagem (ou vagem, ou feijao-verde)",2,0.1,{"v":0.65,"d":"0.7"},1.2,1.3]
["Viveiro de cafe",2,0.6,0.6,0.6,1.2]
["Pimenta",2,0.1,{"v":0.55,"d":"0.6"},{"v":1,"d":"1.0"},1.1]
["Cenoura",2,0.1,0.4,0.7,0.8]
["Cebolinha",3,0.1,{"v":0.23,"d":"0.2"},0.5,0.7]
["Tomate rasteiro",2,0.1,{"v":0.35,"d":"0.4"},0.6,0.7]
["Chicoria (ou chicoria-de-folha-crespa)",3,0.1,0.2,0.3,0.6]
["Acelga",1,0.5,0.5,0.5,0.5]
["Floricultura para vaso",1,0.5,0.5,0.5,0.5]
["Batata-doce",1,0.5,0.5,0.5,0.5]
["Acerola (ou cereja-das-antilhas)",1,0.5,0.5,0.5,0.5]
["Viveiro de florestais",1,0.2,0.2,0.2,0.2]
["Beterraba",1,0.2,0.2,0.2,0.2]
["Fonte: Secretaria de Agricultura e Abastecimento, CDRS/IEA, Projeto LUPA."]